000 00600nam a22002177a 4500
003 UA-OsUOA
001 96632
007 ta
008 20130320b un ||||| |||| 00| 0 ukr d
090 _a821.172
_bЛ64
942 _cBK
040 _aUA-OsUOA
_bukr
_cUA-OsUOA
_dUA-OsUOA
245 _aЛитовське радянське оповыдання
_cупоряд. А. Бучіс
300 _a271 с.
955 _a3
041 _aukr
080 _a821.172
260 _aК.
_bДніпро
_c1981
650 7 _a82 Література. Літературознавство
_2UDC
999 _c382889
_d382889